[Event "Barcelona Escacs CC tt"]
[Site "Barcelona"]
[Date "2007.04.14"]
[Round "1"]
[White "Mayer Pollack, Frank"]
[Black "Ayala Abenza, Jose Luis"]
[Result "0-1"]
[WhiteElo "1785"]
[BlackElo "2138"]
[PlyCount "104"]
[EventDate "2007.04.14"]
[EventType "team-tourn"]
[EventRounds "7"]
[EventCountry "ESP"]
[SourceTitle "EXT 2009"]
[Source "ChessBase"]
[SourceDate "2008.11.26"]
[SourceVersion "1"]
[SourceVersionDate "2008.11.26"]
[SourceQuality "1"]

1. d4 e6 2. Nf3 d5 3. e3 Nf6 4. Bd3 Nbd7 5. 0-0 c5 6. c3 b6 7. Nbd2 Bb7 8. Re1 Be7 9. e4 dxe4 10. Nxe4 0-0 11. Nxf6+ Nxf6 12. Bg5 cxd4 13. Nxd4 Rc8 14. Nf3 Rc5 15. Be3 Bxf3 16. gxf3 Rd5 17. Bd4 Qd6 18. Qe2 Nd7 19. Rad1 Qf4 20. Be3 Qh4 21. Qf1 Rh5 22. Qg2 Bc5 23. Qg3 Bxe3 24. Qxh4 Rxh4 25. fxe3 Ne5 26. Be2 Ra4 27. a3 Ra5 28. f4 Nc6 29. Bf3 Rc5 30. Rd6 Ne7 31. Rd7 Nc8 32. Bb7 a5 33. Red1 g5 34. Rd8 Ne7 35. Rxf8+ Kxf8 36. Kf2 gxf4 37. exf4 Ng6 38. Kf3 Rf5 39. Rd4 e5 40. Rc4 Rxf4+ 41. Rxf4 Nxf4 42. a4 Ke7 43. b4 Kd6 44. Ke4 Ne2 45. Kd3 Nf4+ 46. Ke4 Ke6 47. bxa5 bxa5 48. c4 f5+ 49. Kf3 Kd6 50. Bc8 Ne6 51. Bxe6 Kxe6 52. h4 Kd6 0-1

[Event "Catalunya-ch"]
[Site "Barcelona"]
[Date "2007.04.09"]
[Round "9"]
[White "Romero Forero, Mario"]
[Black "Mayer Pollack, Frank"]
[Result "1/2-1/2"]
[WhiteElo "1928"]
[BlackElo "1785"]
[PlyCount "46"]
[EventDate "2007.04.01"]
[EventType "swiss"]
[EventRounds "9"]
[EventCountry "ESP"]
[SourceTitle "CBM 117 Extra"]
[Source "ChessBase"]
[SourceDate "2007.05.09"]
[SourceVersion "1"]
[SourceVersionDate "2007.05.09"]
[SourceQuality "1"]

1. d4 d5 2. Bg5 c6 3. Nf3 Bf5 4. e3 Nd7 5. Bd3 Bxd3 6. Qxd3 Ngf6 7. 0-0 e6 8. Nbd2 Be7 9. Rac1 Rc8 10. c4 0-0 11. c5 h6 12. Bh4 Re8 13. b4 Nh5 14. Bxe7 Rxe7 15. Ne5 Nhf6 16. Ndf3 Nxe5 17. Nxe5 Nd7 18. f4 Nxe5 19. fxe5 b5 20. Rf3 Re8 21. Rcf1 Rf8 22. Rg3 f5 23. Qd2 g5 1/2-1/2

[Event "Catalunya-ch"]
[Site "Barcelona"]
[Date "2007.04.03"]
[Round "3"]
[White "Mayer Pollack, Frank"]
[Black "Pintor Avila, Antonio"]
[Result "0-1"]
[WhiteElo "1785"]
[BlackElo "1935"]
[PlyCount "96"]
[EventDate "2007.04.01"]
[EventType "swiss"]
[EventRounds "9"]
[EventCountry "ESP"]
[SourceTitle "CBM 117 Extra"]
[Source "ChessBase"]
[SourceDate "2007.05.09"]
[SourceVersion "1"]
[SourceVersionDate "2007.05.09"]
[SourceQuality "1"]

1. d4 d5 2. Nf3 Nf6 3. e3 e6 4. Bd3 c5 5. c3 Nc6 6. 0-0 Be7 7. Nbd2 0-0 8. Re1 Qc7 9. e4 dxe4 10. Nxe4 cxd4 11. cxd4 Rd8 12. Be3 e5 13. dxe5 Nxe5 14. Nxf6+ Bxf6 15. Nxe5 Bxe5 16. Qb3 Be6 17. Qc2 Bxh2+ 18. Kh1 Qxc2 19. Bxc2 Bc7 20. b3 b6 21. Rac1 Rac8 22. Be4 Bd6 23. g3 Ba3 24. Rxc8 Bxc8 25. Bf3 Be6 26. Rd1 Rxd1+ 27. Bxd1 Bf5 28. Bf4 Bb1 29. Bb8 a6 30. Bc7 b5 31. Kg1 Bxa2 32. Kf1 Kf8 33. Bc2 Ke7 34. Ke2 Ke6 35. Kd3 h5 36. Kd4 g5 37. Bd8 f6 38. Kc3 h4 39. gxh4 gxh4 40. Bc7 h3 41. Be4 f5 42. Bf3 Bb1 43. Kd2 Bd6 44. Bxd6 Kxd6 45. Bh1 Be4 46. f3 Bd5 47. b4 Ke5 48. Ke2 Kd4 0-1

[Event "Catalunya-ch"]
[Site "Barcelona"]
[Date "2007.04.02"]
[Round "2"]
[White "Margalef Kriesten, Joan"]
[Black "Mayer Pollack, Frank"]
[Result "1-0"]
[WhiteElo "1979"]
[BlackElo "1785"]
[PlyCount "57"]
[EventDate "2007.04.01"]
[EventType "swiss"]
[EventRounds "9"]
[EventCountry "ESP"]
[SourceTitle "CBM 117 Extra"]
[Source "ChessBase"]
[SourceDate "2007.05.09"]
[SourceVersion "1"]
[SourceVersionDate "2007.05.09"]
[SourceQuality "1"]

1. c4 c5 2. g3 Nf6 3. Bg2 e6 4. Nc3 g6 5. Nf3 Bg7 6. 0-0 0-0 7. d4 cxd4 8. Nxd4 a6 9. e4 Nc6 10. Nxc6 dxc6 11. Bf4 Re8 12. c5 Nd7 13. Na4 e5 14. Be3 Qe7 15. Qc2 Rb8 16. Rfd1 Bf8 17. Rd2 Qd8 18. Rad1 Qc7 19. h4 b6 20. cxb6 Nxb6 21. Nxb6 Rxb6 22. Bxb6 Qxb6 23. Kh2 Be6 24. b3 Be7 25. Bh3 Bc5 26. Bxe6 Rxe6 27. Kg2 Bd4 28. f4 f6 29. Qc4 1-0